Normal view
MARC view
Entry Topical Term
001 - CONTROL NUMBER
- control field: 53144
003 - CONTROL NUMBER IDENTIFIER
- control field: dpl
005 - DATE AND TIME OF LATEST TRANSACTION
- control field: 20121016121941.0
008 - FIXED-LENGTH DATA ELEMENTS
- fixed length control field: 121016|||a|||||| | ||| d
040 ## - CATALOGING SOURCE
- Original cataloging agency: dpl
- Transcribing agency: dpl
150 ## - HEADING--TOPICAL TERM
- Topical term or geographic name as entry element: Fashion
- General subdivision: Vocational guidance.
670 ## - SOURCE DATA FOUND
- Source citation: Work cat.: (dpl)0: Dias, Laura Portolese 53143, Core concepts in fashion /, 2012
670 ## - SOURCE DATA FOUND
- Source citation: Work cat.: (dpl)0: Dias, Laura Portolese 53143, Core concepts in fashion /, 2012
